Solar wind (Record no. 9511)

MARC details
000 -LEADER
fixed length control field 00829nam a2200217Ia 4500
003 - CONTROL NUMBER IDENTIFIER
control field IN-BaIIA
008 - FIXED-LENGTH DATA ELEMENTS--GENERAL INFORMATION
fixed length control field 211028s9999 xx 000 0 eng d
040 ## - CATALOGING SOURCE
Transcribing agency IIA Library
080 ## - UNIVERSAL DECIMAL CLASSIFICATION NUMBER
Universal Decimal Classification number 523.62-726(082.2)
Item number PRO-2
100 ## - MAIN ENTRY--PERSONAL NAME
Personal name Pizzo, V. J.
9 (RLIN) 16017
111 ## - MAIN ENTRY--MEETING NAME
Meeting name or jurisdiction name as entry element International Solar Wind Conference YMCA
Location of meeting Rockies Estes Park, Colorado,USA
Date of meeting or treaty signing 45139
9 (RLIN) 16018
245 #0 - TITLE STATEMENT
Title Solar wind
Remainder of title proceedings of of the sixth international solar wind conference YMCA of the Rockies Estes Park, Colorado,USA, August 23
Statement of responsibility, etc. V. J. Pizzo
260 ## - PUBLICATION, DISTRIBUTION, ETC.
Place of publication, distribution, etc. U.S.A
Name of publisher, distributor, etc. Boulder
Date of publication, distribution, etc. 1987
300 ## - PHYSICAL DESCRIPTION
Extent ix, 357-714p.
490 ## - SERIES STATEMENT
Series statement NCAR technical note; v. 2
650 ## - SUBJECT ADDED ENTRY--TOPICAL TERM
Topical term or geographic name entry element Astronomy and astrophysics thesaurus
650 ## - SUBJECT ADDED ENTRY--TOPICAL TERM
Topical term or geographic name entry element Solar wind
9 (RLIN) 5747
700 ## - ADDED ENTRY--PERSONAL NAME
Personal name Holzer, T
9 (RLIN) 16019
700 ## - ADDED ENTRY--PERSONAL NAME
Personal name Sime, D. G
9 (RLIN) 16020
942 ## - ADDED ENTRY ELEMENTS (KOHA)
Koha item type Books
Holdings
Withdrawn status Lost status Damaged status Not for loan Home library Current library Shelving location Date acquired Total Checkouts Full call number Barcode Date last seen Price effective from Koha item type
        IIA Library-Bangalore IIA Library-Bangalore General Stacks     523.62-726(082.2)/ PRO-2 10421 05/11/2021   Books

Powered by Koha